| 000 | 01229cam a2200301 a 4500 | ||
|---|---|---|---|
| 003 | EG-GiCUC | ||
| 008 | 160504s2013 ts a g 000 0 ara d | ||
| 040 |
_aEG-GiCUC _bara _cEG-GiCUC |
||
| 041 | 1 |
_aara _hfre |
|
| 043 | _aa-ts--- | ||
| 092 | 0 | 4 |
_a953.57 _bQ29 _221 |
| 099 |
_a04 _a953.57 Q29 |
||
| 245 | 0 | 0 |
_aقبور ما قبل التاريخ فى البثنة : _bامارة الفجيرة / _cتأليف بيير كوربود وآخرون ؛ ترجمة بدر الدين محمود |
| 250 | _aط1 | ||
| 260 |
_aالامارات العربية المتحدة : الفجيرة : _bهيئة الفجيرة للثقافة و الاعلام : _c2013 |
||
| 300 |
_a192ص : _b؛ ايض _c32سم |
||
| 546 | _aالترجمة العربية لـ : Les Tombes Protohistoriques..... | ||
| 651 | 7 |
_aالفجيرة _xالآثار _2qrmak |
|
| 651 | 7 |
_aالفجيرة _xالمقابر _2qrmak |
|
| 651 | 7 |
_aالفجيرة _xتاريخ _2qrmak |
|
| 700 | 1 | _aكوربود : بيير | |
| 700 | 1 | _aمحمود : بدر الدين | |
| 902 | _a1 | ||
| 905 |
_aجيهان _eمراجع |
||
| 905 |
_aعفاف _eمدخل |
||
| 942 |
_2ddc _cBK |
||
| 999 |
_c143522 _d143522 |
||